[Event "RUS-Cup03 Geller Memorial"]
[Site "Moscow"]
[Date "1999.02.12"]
[Round "3"]
[White "Poluljahov, Aleksandr"]
[Black "Belozerov, Andrei"]
[Result "0-1"]
[WhiteElo "2566"]
[BlackElo "2437"]
[Annotator "Tsesarsky,I"]
[PlyCount "58"]
[EventDate "1999.02.10"]
[EventType "swiss"]
[EventRounds "9"]
[EventCountry "RUS"]
[SourceTitle "CBM 070"]
[Source "ChessBase"]
[SourceDate "1999.06.08"]
[SourceVersion "1"]
[SourceVersionDate "1999.06.08"]
[SourceQuality "1"]

{[%mdl 8240]} 1. d4 Nf6 2. c4 e6 3. Nf3 c5 4. e3 d5 5. cxd5 exd5 6. Bb5+ Nc6 7.
O-O Bd6 8. dxc5 Bxc5 9. Qc2 (9. Bxc6+ bxc6 10. Qc2 Qd6 11. Nc3 O-O 12. e4 (12.
b3 Bg4 13. Nd4 Bxd4 14. exd4 Rfe8 $11 {1-0 Krmelj,N-Chavez Basurto,M/Buenos
Aires Wch U20 1992 (58)}) 12... dxe4 13. Nxe4 Nxe4 14. Qxe4 Qd5 15. Qxd5 cxd5
16. Be3 Bxe3 17. fxe3 Bf5 $11 {1/2-1/2 Eingorn,V-Kindermann,S/Polanica Zdroj
1984 (45)}) (9. a3 O-O 10. b4 Bd6 11. Bb2 Re8 12. Nbd2 Ne4 13. Nb3 Re6 14. g3
Ne7 15. Be2 Rg6 16. Rc1 Bh3 17. Re1 Nf5 18. Be5 $2 (18. Qxd5 $1 Nxf2 $1 19. e4
(19. Kxf2 Bxg3+ $19) 19... Ne3 (19... Ne7 20. Qxb7 Rb8 21. Qxa7 Nxe4 22. Nh4
$16) (19... Nxg3 $1 20. Kxf2 (20. hxg3 Bxg3 21. Bf1 (21. Qxd8+ Rxd8 22. Bf1 Nd3
23. Bxh3 Bxe1+ 24. Kf1 Nxc1 $19) 21... Bh4+ 22. Kh2 Qb8+ 23. Be5 Bg3+ $1 24.
Kg1 Bxe5+ 25. Kxf2 Bg3+ 26. Ke2 Be6 $17) 20... Be6 21. Qxb7 Nxe2 22. Rxe2 Bxb3
23. Rd2 Qe8 24. e5 Be7 25. Rc7 Rb6 26. Qe4 Bd8 27. Rcd7 Rbb8 $15) 20. Qd2 Neg4
21. e5 Be7 $132) 18... Bxe5 19. Nxe5 Nfxg3 20. fxg3 Qf6 $17 {0-1 Garcia
Padron-Martin/Alicante 1989 (26)}) 9... Qd6 10. b3 (10. Bxc6+ bxc6 11. b3 Bg4
12. Nbd2 O-O 13. Bb2 Bb6 14. Be5 Qe6 15. Qb2 Nh5 16. h3 Bxf3 17. Nxf3 $132 {
1-0 Papaioannou,I-Gershon,A/Open, Korinthos GRE 1998 (26)}) 10... O-O 11. Bb2 (
11. Bxc6 bxc6 12. Bb2 Bb6 13. Nbd2 Re8 14. Rac1 c5 (14... Bd7 15. Rfd1 Qe7 16.
Bd4 Rac8 $132 (16... Ne4 17. Nxe4 dxe4 18. Ne5 Bxd4 19. Nxd7 Qxd7 20. Rxd4 $16
{1-0 Franco,Z-Piza,D/Cadiz ,EXT 1991 (35)})) 15. Rfd1 Bg4 16. Nc4 Qe7 17. Bxf6
Qxf6 18. Rxd5 Bxf3 19. gxf3 Qxf3 $11) 11... Nb4 (11... Ne4 12. Nc3 Nb4 13. Nxe4
Nxc2 14. Nxd6 Bxd6 15. Rad1 Rd8 16. Rd2 Nb4 17. Rfd1 Be6 18. a3 a6 19. Be2 Nc6
20. b4 $14 {1/2-1/2 Pyhala,A-Hakulinen,E/FIN chT ,EXT 1990 (42)}) 12. Qd1 a6
13. Be2 Bf5 14. Nc3 $6 $15 (14. a3 Nc6 (14... Nc2 $2 15. Ra2 Ng4 16. Bxg7 $1 (
16. b4 $2 Bxe3 $1 (16... Ncxe3 17. bxc5 Nxd1 18. cxd6 Bxb1 19. Ra1 Nxb2 20.
Raxb1 Nc4 21. Bxc4 dxc4 22. Rxb7 Rfd8 23. h3 Nf6 24. Rd1 c3 $11) 17. fxe3 Ngxe3
18. Qd2 Nxf1 19. Bxf1 d4 $17) 16... Kxg7 17. Rxc2 Bxc2 18. Qxc2 Rac8 19. Qf5
Qe6 20. Nd4 Bxd4 21. Bxg4 Bb2 22. Qg5+ Qg6 23. Qxg6+ hxg6 24. Bxc8 Rxc8 25. Rd1
Rc2 26. g3 Kf6 27. Kg2 Ke5 28. h4 $16) 15. Nc3 (15. b4 Ba7 16. Nc3 $11) 15...
Rad8 $11) 14... Rad8 15. Rc1 Nc6 $6 (15... Ng4 $1 {[%csl Rf3,Rh2][%cal Gf5e4]}
16. Qd2 Rfe8 {[%csl Re3]} 17. Na4 Ba7 (17... Nxe3 18. Nxc5 Nxf1 19. Bxf1 $16)
18. Bd4 Bxd4 19. exd4 (19. Qxd4 Nxa2 20. Ra1 Be4 21. g3 Nb4 $17) 19... Be4 20.
g3 Qh6 21. Qxh6 Nxh6 22. Rc7 Nf5 23. Rxb7 Nxa2 24. Rd1 Rb8 $15) 16. Na4 (16.
Nh4 $5 Bc8 17. Nf3 Rfe8 (17... Bf5 18. Nh4 $11) 18. Na4 Ba7 19. Bd4 (19. Nd4
Bb8 20. g3 Bh3 $15 {With Re8 - one tempi more than in this game.}) 19... Nxd4
20. Nxd4 Bb8 21. g3 Bh3 22. Re1 Ne4 23. Bg4 Qf6 24. Rc2 Bxg4 25. Qxg4 Ba7 26.
Rd1 b5 27. Nc3 $11) 16... Ba7 17. Nd4 Bb8 18. g3 Bh3 19. Re1 Ne5 20. Nf3 Nxf3+
21. Bxf3 Ne4 22. Bg2 (22. Qd4 Qg6 23. Nc3 (23. Nb6 Be6 (23... Nxg3 $2 24. hxg3
Bxg3 25. Qxg7+ $1 $18) 24. Red1 f6 {[%cal Gb8e5]} 25. Na4 Ng5 26. Bg2 Qh5 27.
Nc5 Nh3+ 28. Kf1 Be5 29. Qd2 Bg4 30. Re1 Rf7 $132) 23... Nxg3 24. fxg3 Bxg3 25.
Kh1 Qf5 26. Bxd5 Bg2+ $3 27. Bxg2 Rxd4 28. exd4 Bxe1 29. Rxe1 Qf2 30. Re2 Qxd4
31. Bxb7 Rd8 $15) 22... Qh6 (22... Bxg2 23. Kxg2 Rfe8 24. Qg4 $14) 23. Nc5 $6 (
23. Bh1 $132) 23... Bxg2 24. Kxg2 Nxf2 $5 25. Kxf2 $4 $19 (25. Qd4 f6 (25...
Ne4 26. Nxb7 Rd7 27. Rc6 Qg5 (27... Ba7 28. Qe5 Bb8 29. Qd4 Ba7 $11) 28. Nc5
Nxc5 (28... Bxg3 29. Qxg7+ Qxg7 30. Bxg7 Kxg7 (30... Bxe1 31. Bxf8 Nxc5 32.
Bxc5 $14) 31. hxg3 Nxc5 32. Rxc5 $11) 29. Qxc5 Ba7 30. Qc1 Re8 31. Rxa6 Rde7
32. Ba3 Rd7 $44) (25... Rfe8 26. Qxg7+ Qxg7 27. Bxg7 b6 28. Kxf2 bxc5 29. Bb2
Ba7 $132) 26. Nxb7 Qh3+ 27. Kg1 $1 (27. Kxf2 $2 Qxh2+ 28. Kf1 Bxg3 29. e4 Qh3+
30. Ke2 Be5 $19) 27... Rd7 (27... Be5 28. Qb6 Bxb2 29. Nxd8 Bxc1 30. Rxc1 $14)
(27... Ng4 28. Qd2 Rde8 29. Qxd5+ Kh8 30. Qd2 Bxg3 31. hxg3 Qxg3+ 32. Qg2 Rxe3
33. Qxg3 Rxg3+ 34. Kf1 Rf3+ 35. Kg2 Rf2+ 36. Kg3 Rxb2 37. Kxg4 f5+ 38. Kf3 $16)
28. Nc5 Be5 29. Qd2 Ne4 30. Qe2 $11) 25... Qxh2+ 26. Kf3 (26. Kf1 Qh3+ 27. Ke2
Qg2+ 28. Kd3 Qxb2 $19 {[%csl Gg3]}) 26... Qxg3+ 27. Ke2 Qg2+ 28. Kd3 Qxb2 29.
Nxb7 Rc8 0-1

[Event "Scandic Hotels CC"]
[Site "Stockholm"]
[Date "2000.07.31"]
[Round "3"]
[White "Bator, Robert"]
[Black "Matros, Alexander"]
[Result "0-1"]
[WhiteElo "2430"]
[BlackElo "2425"]
[Annotator "Tsesarsky,I"]
[PlyCount "78"]
[EventDate "2000.07.29"]
[EventType "tourn"]
[EventRounds "9"]
[EventCountry "SWE"]
[EventCategory "10"]
[SourceTitle "CBM 079"]
[Source "ChessBase"]
[SourceDate "2000.11.21"]
[SourceVersion "1"]
[SourceVersionDate "2000.11.21"]
[SourceQuality "1"]

1. d4 Nf6 2. Nf3 d5 3. c4 e6 4. g3 dxc4 5. Qa4+ {In my opinion, this variation
doesn't promise to White any advantage.} (5. Bg2 {-mainline of Catalon opening.
}) 5... c6 6. Qxc4 b5 7. Qc2 Bb7 8. Bg2 Nbd7 9. a4 c5 $1 (9... bxa4 {see
comments to the game 1-0 Sapunov,E-Sveshnikov,E/St Petersburg 1998/CBM 67/
[Tsesarsky] (75)}) (9... a6 {0-1 Maroto,J-Luther,T/Olot op 1994 (33)}) 10. O-O
(10. axb5 cxd4 11. O-O Bc5 (11... Nc5 {-see detailed comments to the game 1/
2-1/2 Beim,V-Wach,M/Linz 1997/CBM 59 (19) (Tsesarsky)}) 12. Bg5 Rc8 13. Nbd2
O-O 14. Qd3 h6 {see detailed comments to the game 1/2-1/2 Timman,J-Lautier,J/
Malmoe 1999/CBM 72 (56) (Tsesarsky)}) 10... b4 (10... cxd4 11. Nxd4 Rc8 12. Nc6
$5 (12. Qd3 Bxg2 13. Kxg2 b4 14. Nb5 Qb6 15. Be3 Qb7+ 16. Kg1 a6 17. Nd6+ Bxd6
18. Qxd6 Nd5 $17 {[%csl Rd6] 1-0 Czanderle,G-Chuchelov,V/Berlin 1996/CBM 54
ext (44)}) 12... Bxc6 (12... Qb6 13. axb5 Qxb5 14. Nxa7 Rxc2 15. Nxb5 Bxg2 16.
Kxg2 Rc8 17. N1c3 $16) 13. Bxc6 b4 14. Be3 Be7 15. Rc1 O-O 16. Qb3 Ne5 17. Bg2
Rxc1+ 18. Bxc1 Qc7 19. Bf4 Rd8 $11) 11. dxc5 {Except of this move White can
play:} (11. Nbd2 Rc8 12. Qd3 cxd4 (12... Be7 13. b3 O-O 14. Bb2 cxd4 15. Bxd4
Nc5 16. Qb1 Ba6 17. Re1 $11 {0-1 Lacunza,C-Lugo,B/Havana 1992/EXT 2000 (34)})
13. Nxd4 Bxg2 14. Kxg2 Bc5 15. N4b3 O-O 16. Nc4 Qc7 17. Bf4 e5 18. Be3 Qc6+ 19.
Kg1 e4 20. Qd2 Qe6 21. Nxc5 Nxc5 22. Bxc5 Rxc5 23. Ne3 $11 {0-1 Vyzmanavin,
A-Knaak,R/telex 1989/EXT 2000 (37)}) (11. Bg5 Rc8 12. dxc5 Bxc5 13. Qd3 (13.
Qd1 O-O 14. Nbd2 h6 15. Bf4 Nd5 16. Nb3 Nxf4 17. gxf4 Qe7 $17 {0-1 Heinig,
W-Tischbierek,R/Germany 1994/GER-chT (34)}) 13... O-O 14. Nbd2 Qc7 (14... h6
15. Be3 Qb6 {1/2-1/2 Andersson,U-Lautier,J/Tallinn/ Parnu 1998/CBM 66 (15)})
15. Nb3 Be4 16. Qd2 $11 {1-0 Prokopisin,V-Taskovits,I/HUN-chT2 9394 1994/TD 
(47)}) (11. a5 Rc8 12. dxc5 Rxc5 (12... Bxc5 13. Qa4 O-O $11 {1-0 Gavrilov,
A-Belikov,V/Moscow op 1995 (40)}) 13. Qa4 Bc6 14. Qa2 Bd5 15. Qa4 Bc6 16. Qa2
Bd5 17. Qa4 {1/2-1/2 Zhu Chen-Vera,R/Ubeda 1998/CBM 62 ext (17)  with at least
equal position for Black.}) 11... Bxc5 $15 {Black solved all opening problems
and after development completion by castle maybe Black has certain initiative.}
12. Nbd2 Rc8 13. Qb1 O-O 14. Ng5 (14. a5 Qc7 15. a6 Bd5 $15) 14... Bxg2 15.
Kxg2 Qb6 {On the queenside Black Q placed more active than on e7.} ({For
example:} 15... Qe7 16. Nb3 Rfd8 17. Rd1 (17. Nxc5 Nxc5 18. b3 Qd6 $17 {
[%csl Rb3]}) 17... Bb6 (17... a6 18. Ne4 Ba7 19. Bg5 h6 20. Bxf6 Nxf6 21. Nxf6+
Qxf6 22. Rxd8+ Rxd8 23. e3 Bb8 24. Qc2 Be5 25. Rb1 $11) 18. a5 Bc7 19. Be3 a6
20. Ne4 Be5 21. Bd4 $11) 16. Nb3 Rfd8 17. Nf3 (17. Rd1 Qa6 18. Qd3 Qxd3 19.
Rxd3 e5 20. Nxc5 Nxc5 21. Rxd8+ Rxd8 22. Be3 Nb3 $15 {[%csl Ra1,Yb3,Gc1,Gd1]
[%cal Ga7a5] and white R can't go to c1 or d1 squares.}) 17... Qa6 (17... Be7
18. Be3 Qa6 19. Re1 Ng4 20. Bd4 Qb7 $15) 18. Qd3 Qxd3 19. exd3 {[%csl Rd3] In
the white camp created weakness, but it is not easy for Black to use it.} Nd5
$6 ({Interesting was} 19... Bd6 $5 $15 {[%cal Gc8c2,Gd7e5] with idea Rc2 or
Ne5.}) 20. Bg5 f6 21. Bd2 Bd6 (21... e5 $6 {met by} 22. d4 $1 exd4 23. Nfxd4
Bxd4 24. Nxd4 Ne5 25. Rfd1 $11) 22. Rac1 $1 {White now has enough time to
change all of RR and d3 weakness will not be felt.} Ne5 23. Nxe5 Bxe5 {[%cal
Ge5b2]} 24. Rxc8 Rxc8 25. Rc1 $1 Rxc1 (25... Rd8 26. Rc2 $11 {[%csl Rb4,Rd3]})
26. Bxc1 Kf8 27. f4 ({Or} 27. Kf3 Ke7 28. d4 Bc7 29. h4 Kd6 30. Ke4 $11) 27...
Bd6 28. Na5 Ke8 29. Kf3 Kd7 30. g4 {Unnecessary move, makes for White some
difficulties.} ({Simply and natural was} 30. Nc4 $11) 30... Bc7 31. Nc4 Kc6 32.
h3 $2 $17 {[%csl Rc5][%cal Gc6c5,Gc5d4][%mdl 16384] White ignores opponent
threats!} ({It was necessary to stop K penetration into White camp:} 32. d4 $1
{[%csl Gc5]} g6 33. h3 Bb6 34. Ke4 f5+ 35. gxf5 (35. Ke5 $143 $6 Kd7 36. Nxb6+
Nxb6 37. Kf6 fxg4 38. hxg4 h5 39. gxh5 (39. f5 exf5 40. gxf5 gxf5 41. b3 f4 42.
Bxf4 Nd5+ 43. Ke5 Nxf4 44. Kxf4 Kd6 $19) 39... gxh5 40. Kg5 Nxa4 41. Kxh5 Kd6
42. Kg6 Kd5 43. b3 Nc3 $17) (35. Kd3 $5 Bc7 36. Ne5+ Bxe5 37. dxe5 Kc5 38. gxf5
$11) 35... exf5+ 36. Kd3 (36. Ke5 $2 Bc7+ 37. Ke6 Nxf4+ 38. Bxf4 Bxf4 39. d5+
Kc5 40. b3 Kd4 41. d6 Kc3 42. Ne5 Bg5 43. d7 f4 44. Nc6 f3 45. Ne7 Bxe7 46.
Kxe7 f2 47. d8=Q f1=Q $19) 36... Bc7 37. Ne5+ Kd6 38. Kc4 Ke6 39. Bd2 $11)
32... Kc5 33. Ke4 $2 {Loses the game.} ({Much better was} 33. Be3+ Nxe3 34.
Kxe3 (34. Nxe3 Kd4 35. Nc2+ Kxd3 36. Nxb4+ Kc4 37. Nc6 a5 38. Ke4 g6 $17 {
[%csl Ra4,Rb2]}) 34... b3 $17 {[%csl Ra4][%cal Gc5b4] In this endgame Black
has clear advantage but it's realisation connected with accuracy and precise
variation calculation.}) 33... g6 {[%cal Gf6f5]} 34. f5 {What else can White
do?} gxf5+ 35. gxf5 exf5+ 36. Kxf5 Kd4 37. Ke6 Nf4+ 38. Bxf4 Bxf4 39. Na5 (39.
Kxf6 Kxd3 40. Na5 Kc2 41. Nc6 b3 42. Nxa7 Kxb2 43. Nb5 Bd2 $19) 39... Kxd3 0-1

[Event "Hoogovens-B"]
[Site "Wijk aan Zee"]
[Date "1997.01.23"]
[Round "3"]
[White "Bacrot, Etienne"]
[Black "Dao, Thien Hai"]
[Result "1/2-1/2"]
[WhiteElo "2500"]
[BlackElo "2555"]
[Annotator "Tsesarsky,I"]
[PlyCount "59"]
[EventDate "1997.01.21"]
[EventType "tourn"]
[EventRounds "11"]
[EventCountry "NED"]
[EventCategory "10"]
[SourceTitle "CBM 057"]
[Source "ChessBase"]
[SourceDate "1997.04.01"]
[SourceVersion "1"]
[SourceVersionDate "1997.04.01"]
[SourceQuality "1"]

1. d4 d5 2. c4 e6 3. Nf3 c6 4. Qc2 Nf6 5. g3 dxc4 6. Qxc4 b5 7. Qb3 Nbd7 8. Bg2
Bb7 9. O-O a6 (9... Be7 10. a4 a6 11. Bd2 c5 12. axb5 Bd5 13. Qc2 Be4 14. Qd1
axb5 15. Rxa8 Qxa8 16. dxc5 Nxc5 17. Nc3 {0,5/Horvath,C-Matlak,M/Stary
Smokovec/1991/}) (9... a5 10. Bg5 Qb6 11. a4 h6 12. Bxf6 Nxf6 13. Ne5 Bb4 14.
Nd3 $14 {Razuvaev,Y-Knaak,R/Dortmund/1991/}) 10. a4 c5 11. axb5 Bd5 12. Qd3 (
12. Qd1 axb5 13. Rxa8 Qxa8 14. dxc5 (14. Bg5 Ne4 15. Be3 c4 16. Nbd2 Be7 17.
Nxe4 Bxe4 18. Ne1 O-O 19. Bxe4 Qxe4 20. Qc2 Qc6 21. Nf3 Ra8 22. Bg5 f6 23. Bc1
b4 24. Nd2 Nb6 25. Rd1 b3 26. Qe4 Qd5 27. Qxd5 exd5 28. e4 Ra1 29. Rf1 {
0-1 Ivanov Mikhail M-Filippov Valerij/Memorial A.Zaitsev, Vladivostok (Russia
1995}) 14... Bxc5 15. Nc3 Bc6 16. Ne1 Bxg2 17. Nxg2 b4 18. Na4 Be7 19. b3 O-O
20. Bb2 Rd8 21. Qc2 Ne4 22. Rd1 Ndc5 23. Rxd8+ Qxd8 24. Nxc5 Bxc5 25. Ne3 $15 {
1/2-1/2 Ionov,S-Volzhin,A/It open, V 1995 (39)}) (12. Qc2 axb5 13. Rxa8 Qxa8
14. Nc3 Bc6 15. dxc5 b4 16. Nd1 Bxc5 17. Be3 Be7 18. Bg5 Be4 19. Qc4 O-O 20.
Ne3 $11 {1-0 Malaniuk,V-Kharlov,A/Simferopol/Alushta 1992 (43)}) 12... Be4 (
12... c4 13. Qc2 axb5 14. Rxa8 Qxa8 15. Nc3 Bc6 16. Nh4 Bxg2 17. Nxg2 Qb7 18.
Bd2 Be7 19. Rb1 b4 20. Nd1 Nb6 $15 {1/2-1/2 Nickoloff,B-Wolff,P/Philadelphia
World op 1993 (40)}) 13. Qb3 Bd5 14. Qd3 (14. Qc2 axb5 15. Rxa8 Qxa8 16. Nc3
Bc6 $10 17. e4 $6 (17. dxc5 b4 18. Nd1 Bxc5 $36) 17... Nxe4 18. dxc5 (18. Ne5
Nxe5 19. Nxe4 cxd4 20. Bf4 d3 21. Qc3 Bxe4 22. Bxe4 Qxe4 23. Bxe5 f6 $17) 18...
Nxc3 19. Qxc3 b4 $1 20. Qb3 (20. Qe3 Bxc5 21. Qe2 O-O $17) 20... Bxc5 (20...
Nxc5 21. Qe3 $17) 21. Rd1 O-O 22. Ne1 Bxg2 23. Nxg2 Ne5 24. Be3 Nf3+ 25. Kh1
Be7 26. Qc4 (26. Rd7 $2 Ne1 $19) 26... Rc8 27. Qb5 h6 28. h3 Qe4 29. Qd3 Qxd3
30. Rxd3 Rc2 31. Rb3 g5 32. g4 e5 {Ftacnik,L 0-1 Tukmakov,V-Kharlov,A/Bern op
1992}) (14. Qd1 axb5 15. Rxa8 Qxa8 16. Bf4 cxd4 17. Qxd4 Bc5 18. Qd1 O-O 19.
Nbd2 h6 $11 {0-1 Sokolov,I-Stangl,M/Garmisch rapid 1994 (35)}) 14... c4 15. Qc2
axb5 16. Rxa8 Qxa8 17. Nc3 Bc6 18. d5 $5 $146 (18. Nh4 {as in the game
Nickoloff - Wolff - 1993}) 18... exd5 19. Nd4 Bc5 (19... b4 $5 20. Nxc6 (20.
Ncb5 Bxb5 21. Nxb5 Qa5 22. Nd4 Bc5 23. Be3 O-O $15) 20... bxc3 21. Nd4 cxb2 22.
Bxb2 Bc5 23. Ra1 (23. Qxc4 dxc4 24. Bxa8 O-O 25. Ra1 Rb8 26. Bc3 Bb4 $11) 23...
Qb8 24. e4 dxe4 25. Nc6 Qb7 26. Na5 Qc7 27. Bxe4 c3 $1 28. Nc6 $5 (28. Bxc3
Bxf2+ 29. Kg2 (29. Kxf2 Qxc3 $17)) 28... O-O $8 29. Bxc3 Nxe4 30. Qxe4 Rc8 31.
Qg4 g6 32. Nd4 Ne5 33. Qe4 $11) 20. Ncxb5 O-O (20... Bxb5 21. Nxb5 Qa5 22. Nc3
O-O 23. Rd1 (23. Nxd5 Nxd5 24. Bxd5 Bxf2+ 25. Rxf2 Qxd5 26. e4 $11) 23... d4
24. Ne4 (24. Nd5 Qa2 25. Bg5 Nxd5 26. Bxd5 Nb6 27. Be4 h6 28. Bf4 Qa4 $11 (
28... Rd8 29. Bh7+ Kh8 30. b4 $1 Qxc2 31. Bxc2 Bxb4 32. Bc7 Re8 33. Bxb6 Rxe2
34. Bf5 d3 $16)) 24... Nxe4 25. Bxe4 Nf6 26. Bf3 Qb5 27. Bg5 d3 28. exd3 cxd3
29. Qxd3 (29. Qd2 Bb4 30. Qf4 Nd7 31. Be4 d2 32. Qf5 Qxf5 33. Bxf5 Ne5 34. Kg2
Nc4 35. b3 Nb2 $17) 29... Bxf2+ 30. Kxf2 Qxg5 31. Kg2 $11) 21. Qc3 Rb8 (21...
Bxb5 22. Nxb5 Qb7 23. Nd4 (23. Qxc4 $2 Rb8 $1 $19) 23... Qb6 24. Rd1 h6 $11)
22. Nxc6 (22. Na3 Re8 23. Nxc6 Qxc6 24. Qxc4 Qe6 (24... Bxf2+ 25. Rxf2 Qxc4 26.
Nxc4 dxc4 27. Rf4 $16) 25. Qc2 Qxe2 26. Be3 Qxc2 27. Nxc2 Rb8 28. Bxc5 Rxb2 29.
Ne3 Nxc5 30. Bxd5 $11) 22... Qxc6 23. Nd4 Qb6 24. Rd1 h6 $11 25. h3 (25. e3 Ne5
{[%csl Rd3]}) 25... Nf8 26. e3 Bxd4 27. Rxd4 Ne6 28. Rd1 Qb5 29. Qc2 (29. Qe5
Nc5 30. Bf1 $11) 29... Ng5 30. Rd4 $132 (30. Qf5 Qb3 31. Rd4 Ra8 32. Bxd5 Nxd5
33. Rxd5 g6 34. Qf6 Qc2 35. Bd2 Ne4 36. Rd8+ (36. Qd4 $4 Nxd2 37. Qxd2 Ra1+ 38.
Kg2 Qe4+ 39. f3 Qb1 $19) 36... Rxd8 37. Qxd8+ Kh7 38. Qd5 Nxd2 39. Qxf7+ $11)
1/2-1/2

[Event "New York op"]
[Site "New York"]
[Date "1998.03.17"]
[Round "3"]
[White "Ibragimov, Ildar"]
[Black "Lugo, Blas"]
[Result "1-0"]
[WhiteElo "2590"]
[BlackElo "2420"]
[Annotator "Tsesarsky,I"]
[PlyCount "40"]
[EventDate "1998.03.16"]
[EventType "swiss"]
[EventRounds "9"]
[EventCountry "USA"]
[SourceTitle "CBM 064"]
[Source "ChessBase"]
[SourceDate "1998.06.02"]
[SourceVersion "1"]
[SourceVersionDate "1998.06.02"]
[SourceQuality "1"]

1. d4 d5 2. c4 c6 3. Nf3 Nf6 4. Qc2 e6 5. Bg5 $6 dxc4 $5 $132 (5... Be7 $5 6.
e3 Nbd7 7. Nbd2 O-O 8. Bd3 dxc4 (8... h6 9. Bh4 Nh5 10. Bxe7 Qxe7 11. O-O Nhf6
12. a3 e5 13. cxd5 Nxd5 14. Rfe1 N5f6 15. Bc4 Kh8 16. e4 Nh5 17. g3 exd4 18. e5
c5 19. e6 $1 $36 {1-0 Vaulin,A-Annenkov,K/Russian Cup 9th Leg, Novgorod RUS
1997 (30)}) 9. Nxc4 h6 10. Bh4 Nd5 11. Bxe7 Qxe7 12. a3 c5 13. O-O b6 $11 {
Vaulin,A-Alavkin,A/Russian Cup 8th Leg, Smolensk RUS 1997/1-0 (45)}) 6. Qxc4 (
6. e4 $6 b5 (6... Be7 $2 7. Bxc4 b5 8. Bd3 Bb7 9. Nbd2 Nbd7 10. O-O $16 {
1-0 Banaszkiewicz,D-Trusewicz,J/cr POL smok 1995 (32)}) 7. Nc3 (7. e5 h6 8. Bh4
Qa5+ 9. Nc3 Nd5 $15) 7... h6 $15) 6... b5 (6... Qb6 $5 7. Qc2 $5 (7. Nbd2 $6
Qxb2 8. Rb1 Qa3 9. e4 b6 $17 10. Bxf6 $15 (10. Qc2 Ba6 11. Nc4 Bb4+ 12. Kd1
Bxc4 13. Bxc4 Qc3 14. Bxf6 (14. Qe2 $2 Nxe4 $1 (14... Be7 $6 15. Bb3 $15 (15.
Rb3 $4 Nxe4 (15... Qa5 $4 16. h4 Nbd7 17. Rh3 Rd8 18. Nd2 b5 19. e5 Nd5 $4 (
19... bxc4 $1 20. exf6 (20. Nxc4 Qd5 21. exf6 gxf6 22. Bd2 Qxd4 $19) 20... gxf6
(20... cxb3 21. fxe7 Rc8 22. Nxb3 Qb5 $19) 21. Nxc4 Qd5 22. Bd2 Qxd4 $19) (
19... Ng8 $5 20. Bd3 Qxa2 $19) 20. Bxd5 cxd5 21. Qxb5 Qxb5 22. Rxb5 f6 23. exf6
gxf6 24. Bf4 $11 {1/2-1/2 Gofshtein,L-Tregubov,P/Open, Bourbon Lancy FRA 1997 
(44)}) 16. Qxe4 Qxc4 $19)) 15. Qxe4 Qxc4 16. Ne5 Qb5 17. d5 Qxd5+ 18. Qxd5 cxd5
19. Rxb4 f6 $19) 14... gxf6 15. Qxc3 Bxc3 16. Ke2 Ba5 17. Rhc1 $44)) 7... Nbd7
(7... Ne4 $5 8. Bf4 Bb4+ (8... Nd7 9. Nc3 Nxc3 10. bxc3 c5 11. Rb1 Qa5 12. e3
cxd4 13. exd4 Be7 (13... b6 14. Rb5 Qa3 15. Rb3 Qa5 16. Qe4 Qd5 17. Qxd5 exd5
18. Bb5 $18) 14. Bd3 Nf6 15. Bb5+ Kf8 (15... Nd7 16. Ne5 $16) 16. Bd3 (16. O-O
Nd5 17. Bd2 Nb4 18. Qb3 $1 Qxb5 19. c4 Qb6 20. Bxb4 Bxb4 21. Qxb4+ Qxb4 22.
Rxb4 Ke7 $132) (16. Bg5 h6 $132) 16... b6 17. O-O Bb7 18. Ne5 $14) (8... c5 9.
e3 Nc6 10. Qxe4 (10. Nc3 Nf6 11. Bb5 Bd7 12. O-O cxd4 13. Bxc6 bxc6 (13... Bxc6
14. Nxd4 Be7 15. Na4 Qa6 16. Nxc6 (16. Nc5 Qb6 17. Na4) 16... Rc8 17. Nb4 Rxc2
18. Nxa6 bxa6 19. Rac1 $14) 14. Nxd4 c5 15. Nf3 Be7 16. Rfd1 O-O 17. Ne5 $14)
10... Qxb2 $19) 9. Nc3 Qa5 10. Rc1 Nxc3 11. bxc3 Ba3 12. Rb1 O-O 13. e4 $14) 8.
Nc3 c5 9. Na4 (9. O-O-O Bd6 10. e4 (10. Na4 Qa5 11. dxc5 Bxc5 12. Bxf6 gxf6 13.
Nxc5 Qxc5 14. e3 Qxc2+ 15. Kxc2 Ke7 $11) 10... cxd4 11. Nxd4 O-O 12. f4 Bxf4+ (
12... e5 13. Nf5 Bb4 14. Nd5 $1 (14. Na4 Qa5 15. a3 b5 16. fxe5 Nxe5 17. Bxf6 (
17. axb4 Qxa4 18. Ne7+ Kh8 $132) 17... gxf6 $132) 14... Nxd5 15. Rxd5 Bc5 (
15... Qc6 16. Be7 Qxc2+ 17. Kxc2 Bxe7 18. Nxe7+ Kh8 19. Bb5 $16) (15... f6 16.
Rb5 Qc6 17. Qxc6 bxc6 18. Rxb4 fxg5 19. fxg5 $16) 16. fxe5 $16) 13. Bxf4 e5 14.
Na4 $6 (14. Be3 Ng4 (14... exd4 15. Bxd4 Qe6 16. Bb5 a6 17. Ba4 b5 18. Bb3 Qg4
(18... Qe7 19. Nd5 Nxd5 20. Bxd5 Rb8 21. Qc7 $1 $16 (21. Ba7 Rb7 22. Bxb7 Bxb7
$44)) 19. Rhe1 $14) 15. Nd5 (15. Bg1 exd4 16. Bxd4 Qh6+ 17. Kb1 Ne3 18. Bxe3
Qxe3 19. Bb5 Ne5 20. Rd5 a6 $132) 15... Nxe3 16. Nxb6 Nxc2 17. Nxd7 Nxd4 18.
Nxf8 Bg4 19. Rd2 Kxf8 $44) 14... Qd8 15. Nc6 bxc6 16. Bxe5 Re8 $132) 9... Qa5+
10. Bd2 Qc7 11. Rc1 b6 12. b4 Bb7 13. bxc5 Rc8 14. Bb4 bxc5 15. Nxc5 Nd5 16. a3
a5 17. Bd2 Nxc5 18. dxc5 Bxc5 19. Qb1 Qb6 20. e3 O-O $15) 7. Qc2 Bb7 8. e3 (8.
Nc3 Nbd7 9. e3 a6 10. Be2 c5 11. dxc5 Bxc5 12. O-O Rc8 13. Rfd1 Qc7 14. Rac1
O-O $11 {1/2-1/2 Brunner,L-Stangl,M/BL 1995 (23)}) 8... Nbd7 9. Nbd2 (9. Nc3 a6
10. a4 c5 11. axb5 Bxf3 12. gxf3 cxd4 13. exd4 axb5 14. Rxa8 Qxa8 15. Bxf6 Nxf6
16. Bxb5+ Kd8 17. Be2 Bd6 18. Rg1 Qa1+ 19. Bd1 g6 20. Ne4 Bb4+ 21. Kf1 Nd5 $44)
9... Qb6 10. Be2 (10. a4 bxa4 11. Rxa4 c5 12. Nc4 Qc7 13. Bxf6 Nxf6 14. Nce5
Bd6 15. Bb5+ Ke7 $15) 10... c5 11. O-O Rc8 12. Rac1 (12. Qb3 c4 (12... a6 13.
a4 Bd5 14. Qd3 Bc6 15. axb5 axb5 16. e4 cxd4 17. Nxd4 Nc5 18. Qe3 Nfxe4 19.
Nxe4 Nxe4 20. Nxc6 Qxc6 21. Qxe4 $1 (21. Bf3 f5 22. Rfc1 Qb7 23. Rxc8+ Qxc8 24.
Bxe4 fxe4 25. Qb6 $18) 21... Qxe4 22. Bxb5+ Rc6 (22... Qc6 23. Bxc6+ Rxc6 24.
Ra8+ Kd7 25. Rd1+ Kc7 26. Rdd8 $18) 23. Rfc1 Kd7 24. Bxc6+ (24. Rxc6 Qxc6 25.
Ra7+ Kd6 26. Bf4+ e5 27. Bxe5+ Kxe5 28. Bxc6 Bc5 29. Rxf7 Rf8 30. Rxf8 Bxf8 31.
Kf1 $18) 24... Qxc6 25. Ra7+ Kd6 26. Bf4+ Kd5 27. Rxc6 Kxc6 28. Rxf7 $18) 13.
Qc2 Nd5 $132) 12... Be7 13. dxc5 (13. Qb3 a6 (13... Bc6 14. Ne5 c4 15. Qc2 O-O
16. Nxc6 Qxc6 17. Bf3 $14) 14. a4 c4 15. Qc2 O-O $132) 13... Rxc5 14. Qd3 a6 (
14... Rd5 $2 15. Qb3 Qa5 (15... O-O 16. e4 Nc5 17. Qc2 $18) 16. Nc4 bxc4 17.
Qxb7 Rxg5 18. Nxg5 Qxg5 19. Qa8+ Bd8 20. Qxa7 O-O 21. Rxc4 $16) 15. e4 (15.
Rfd1 O-O $11) 15... Qc7 16. Nb3 $2 (16. Rxc5 Bxc5 $1 $11 (16... Nxc5 $2 17. Rc1
Bd6 (17... Nxd3 18. Rxc7 $18) (17... h6 18. Bxf6 gxf6 19. b4 $18) (17... Qb6
18. Qd4 $18) 18. Qc3 Nfxe4 19. Qxg7 Rf8 20. Nxe4 Bxe4 21. b4 $18)) 16... Bxe4
$17 17. Qd2 (17. Qe3 Rxc1 18. Rxc1 Qd8 19. Bxf6 Nxf6 20. Qa7 Qd6 21. Rc8+ Bd8
22. Qc5 Qxc5 23. Nxc5 O-O 24. Kf1 $17 (24. Nxa6 $2 Bb7 $19)) 17... Rxc1 $6 (
17... Rc2 18. Rxc2 Qxc2 19. Rc1 Qxd2 20. Nfxd2 Bd5 21. Rc7 (21. Rc8+ Bd8 $17)
21... h6 $17) 18. Rxc1 Qa7 $4 $18 (18... Qb7 19. Na5 Qa8 $17) 19. Rc8+ Bd8 20.
Ne5 $3 Qb6 (20... Qb6 21. Nxd7 $18) 1-0